Historia de la literatura hispanoamericana : A partir de la independencia /
Saved in:
| Format: | Book |
|---|---|
| Published: |
Barcelona :
Planeta,
2012.
|
| Edition: | 23a ed. |
| LEADER | 00391nam a22001217a 4500 | ||
|---|---|---|---|
| 003 | AR-BeUNQ | ||
| 005 | 20190603175729.0 | ||
| 999 | |c 31076 |d 114876 | ||
| 245 | |a Historia de la literatura hispanoamericana : |c Jean Franco. |b A partir de la independencia / | ||
| 250 | |a 23a ed. | ||
| 260 | |a Barcelona : |c 2012. |b Planeta, | ||
| 929 | |a DONACION |b Kerstin E. Costa |d 240,00 |e 20190507 |f PAT0072702 |g 3474 |h 1 |o PR | ||
| 942 | |c LIB |n 1 | ||